000 01750nam0a2200313 i 4500
001 RU\NLR\BIBL_A\010859679
005 20260408064713.0
010 _a9785890405395
_950
021 _aRU
_b2015-67317
_94028
035 _a(NILC)RuMoRGB-008009852
035 _a(NLR Aleph) 010859679
090 _a10414744
_c10414744
100 _a20151012d2015 u y0rusy50 ca
101 0 _arus
102 _aRU
105 _aa|||z|||000yy
200 1 _aДиагностика трубопроводов
_eучебное пособие
_fМ-во образования и науки РФ, Федеральное гос. бюджетное образовательное учреждение высш. проф. образования "Воронежский гос. архитектурно-строит. ун-т
_gсост. С. Н. Кузнецов
210 _aВоронеж
_cВоронежский ГАСУ
_d2015
215 _a77 с.
_cил.
_d21
320 _aБиблиогр.: с. 69 (7 назв.)
606 _aТрубопроводный транспорт
_jУчебные издания для высших учебных заведений
_xТрубопроводы
_xТехническая диагностика
_92204257
_3RU\NLR\AUTH\661324409
686 1 _aО71-082.051я73-1
702 1 _4220
_aКузнецов
_bС. Н.
_cд-р техн. наук, вентиляция
_gСергей Николаевич
_986561
_3RU\NLR\AUTH\77103636
712 0 2 _4570
_aВоронежский государственный архитектурно-строительный университет
_9584903
_3RU\NLR\AUTH\8810042730
801 0 _aRU
_bРГБ
_c20150831
_gRCR
942 _cBOOK
980 _aNBR